Visualizzazione normale
Vista MARC
- Kaukonen Jorma
di Personal Name
Records bibliografici associati: 1
001 - CONTROL NUMBER
- control field: 2771
003 - CONTROL NUMBER IDENTIFIER
- control field: IT-RoPau
005 - DATE AND TIME OF LATEST TRANSACTION
- control field: 20131121152932.0
008 - FIXED-LENGTH DATA ELEMENTS
- fixed length control field: 131121|| aca||aabn | a|a d
040 ## - CATALOGING SOURCE
- Original cataloging agency: IT-RoPau
- Transcribing agency: IT-RoPau
100 ## - HEADING--PERSONAL NAME
- Personal name: Kaukonen Jorma
- Miscellaneous information: Codice autore musica SPICS: 22920
- Relator term: Autore musica
- Name of part/section of a work: Feel So Ggod - Trial By Fire
670 ## - SOURCE DATA FOUND
- Source citation: Work cat.: (IT-RoPau)99625: AA.VV. 794, Thirty Seconds Over Winterland-Jefferson Airplane